Born in Norwich - Statistics

General Stats
  • This quiz has been taken 29 times
    18 since last reset
  • The average score is 3 of 7
Answer Stats
Hint Answer % Correct
Actress, "The Favourite" "Broadchurch" "The Father" 1974 Olivia Colman
71%
Goalkeeper who plays for Norwich City and the Scotland national team 1996 Angus Gunn
65%
Writer, "His Dark Materials" 1946 Philip Pullman
59%
Vocalist for D Mob, "C'Mon and Get My Love" and co-writer of songs like "Toxic" or "I Kissed a Girl" 1969 Cathy Dennis
47%
Geneticist and Nobel Prize in Physiology or Medicine winner for the discovery of protein molecules that control the division of cells in the cell cycle 1949 Paul Nurse
29%
Anglican bishop and opponent of Apartheid in South Africa 1899 Ambrose Reeves
24%
Singer and early collaborator of The Beatles 1940 Tony Sheridan
24%
No matching quizzes found
Score Distribution
Percent of People with Each Score
Percentile by Number Answered
Your Score History
You have not taken this quiz since the last reset